MM : ciencia : germen de la renovación (Record no. 72861)

MARC details
000 -CABECERA
campo de control de longitud fija 00578nam a2200205 a 4500
005 - FECHA Y HORA DE LA ÚLTIMA TRANSACCIÓN
campo de control 20240913064004.0
008 - ELEMENTOS DE LONGITUD FIJA--INFORMACIÓN GENERAL
campo de control de longitud fija 991125n 000 0 u
035 ## - NÚMERO DE CONTROL DEL SISTEMA
Número de control de sistema UPN01000088179
100 1# - ASIENTO PRINCIPAL--NOMBRE PERSONAL
Nombre de persona Madrid Hurtado, Miguel de la,
Fechas asociadas al nombre 1934-2012
9 (RLIN) 29216
222 ## - TÍTULO CLAVE
Título clave COMUNICACION EDUCATIVA SEP
245 ## - MENCIÓN DE TÍTULO
Título MM : ciencia : germen de la renovación
300 ## - DESCRIPCIÓN FÍSICA
Extensión 7
362 0# - FECHAS DE PUBLICACIÓN Y/O DESIGNACIÓN SECUENCIAL
Fecha de publicación y/o designación secuencial 1983 Año 1, no. 8, dic.
653 0# - TERMINO DE INDIZACION - NO CONTROLADO
Término no controlado DESARROLLO CIENTIFICO Y TECNOLOGICO
653 0# - TERMINO DE INDIZACION - NO CONTROLADO
Término no controlado INVESTIGACION CIENTIFICA
653 0# - TERMINO DE INDIZACION - NO CONTROLADO
Término no controlado MEXICO
653 0# - TERMINO DE INDIZACION - NO CONTROLADO
Término no controlado SNI
904 ## - ELEMENTOS DE DATOS D LOCAL, LDD (RLIN)
a AC
b 025990
905 ## - TIPO DE MATERIAL
Tipo de material Articulo

No items available.